| 000 | 00552nam a2200217Ia 4500 | ||
|---|---|---|---|
| 008 | 220216s9999 xx 000 0 und d | ||
| 100 | _aUnseld K | ||
| 245 | 0 | _aNew indentation methods for the characterisation of elastomer composites | |
| 260 |
_bKautschuk Gummi Kunststoffe _c2000 |
||
| 300 | _a52-58 | ||
| 650 | _aComposite | ||
| 650 | _aIndensation method | ||
| 650 | _aMechanical mapping | ||
| 650 | _aNR | ||
| 650 | _aSBR | ||
| 650 | _aStiffness | ||
| 700 | _aAlbohr O | ||
| 700 | _aFuchs H B | ||
| 700 | _aHerrmann V | ||
| 942 | _cJS | ||
| 999 |
_c63832 _d63832 |
||